LEADER 01462nam0 2200361 450 001 000023862 005 20090617105120.0 100 $a20081215d1947----km-y0itaa50------ba 101 0 $aita 102 $aIT 200 1 $aLettere fra la regina Margherita e Marco Minghetti$e1882-1886$fa cura di Lilla Lipparini 210 $aMilano$cLonganesi & C$d1947 (T. A. Ronda) 215 $a298 p.$d18 cm 225 2 $aPiccola biblioteca$v179-181 300 $aIn testa al front. firma autografa: Sergio de Pilato, '955 300 $aL. 180 410 0$12001$aPiccola biblioteca$v179-181 600 1$aMargherita$c$xLettere e carteggi$z1882-1886 600 1$aMinghetti,$bMarco$xLettere e carteggi$z1882-1886 676 $a856.8$v(21. ed.)$9Epistolografia italiana. 1859-1900 676 $a945.08092$v(21. ed.)$9Storia d'Italia. 1796-1900. Persone 700 1$aMargherita$c$0330558 701 1$aMinghetti,$bMarco$f<1818-1886>$0316077 702 1$aLipparini,$bLilla 801 0$aIT$bUniversità della Basilicata - B.I.A.$gRICA$2unimarc 912 $a000023862 996 $aLettere fra la regina Margherita e Marco Minghetti$991789 997 $aUNIBAS BAS $aLETTERE CAT $aSTD069$b01$c20081215$lBAS01$h0933 CAT $aTTM$b30$c20090617$lBAS01$h1051 FMT Z30 -1$lBAS01$LBAS01$mBOOK$1BASA1$APolo Storico-Umanistico$2FDEP2$BFondo De Pilato Biscione$3FD/108426$6108426$5L108426$820090617$f52$FRari